| 000 | 00788nac a22002051u 4500 | ||
|---|---|---|---|
| 003 | EG-ScBUE | ||
| 005 | 20221010102243.0 | ||
| 008 | 110117s1981 ua a f e 000 0 ara d | ||
| 017 | _a81-2348 | ||
| 040 |
_aEG-ScBUE _bara _erda _cEG-ScBUE _dEG-ScBUE |
||
| 082 | 0 | 4 |
_a709.32 _bص ب ح _222 |
| 100 | 1 |
_aصبحي، إبراهيم، _eمؤلف. _922035 |
|
| 245 | 1 | 2 |
_aالموسوعة المعمارية : _bفن العمارة والبناء / _cالمهندس المعماري إبراهيم صبحي. |
| 264 | 1 |
_a[القاهرة] : _bمكتبة الأنجلو المصرية، _c[1981] |
|
| 300 |
_a299 صفحة : _bإيضاحيات ؛ _c24 سم |
||
| 650 | 7 |
_aالعمارة المصرية _vدوائر معارف. _2BUEsh |
|
| 653 | _bENGARC | ||
| 655 | _vReading book | ||
| 942 |
_cBB _2ddc |
||
| 999 |
_c7701 _d7701 |
||